000 00316nam a22001337a 4500
008 170816b xxu||||| |||| 00| 0 eng d
020 _a0805395415
041 _aeng
080 _24TH
_a51
100 _a36
101 _aMAT
245 _aBASIC TECHNICAL MATHEMATICS WITH CALCULUS
_cWASHINGTON,A,J
942 _2udc
_cBK
999 _c23705
_d23705